RICS property measurement (Record no. 115429)

MARC details
000 -LEADER
fixed length control field 01779cad a22003015a 4500
001 - CONTROL NUMBER
control field L158640
008 - FIXED-LENGTH DATA ELEMENTS--GENERAL INFORMATION
fixed length control field 150416s2015 xxk f 000 0 eng d
020 ## - INTERNATIONAL STANDARD BOOK NUMBER
International Standard Book Number 9781783211081
035 ## - SYSTEM CONTROL NUMBER
System control number (Sirsi) u158640
041 0# - LANGUAGE CODE
Language code of text/sound track or separate title eng
050 04 - LIBRARY OF CONGRESS CALL NUMBER
Classification number 692.3 $2 18
110 2# - MAIN ENTRY--CORPORATE NAME
Corporate name or jurisdiction name as entry element Royal Institution of Chartered Surveyors
9 (RLIN) 4900
240 ## - UNIFORM TITLE
Uniform title IPMS
245 05 - TITLE STATEMENT
Title RICS property measurement
Remainder of title Incorporating International Property Measurement Standards
Medium [electronic resource]
260 ## - PUBLICATION, DISTRIBUTION, ETC.
Place of publication, distribution, etc. London
Name of publisher, distributor, etc. RICS
Date of publication, distribution, etc. 2015
300 ## - PHYSICAL DESCRIPTION
Extent 108p.
350 ## - PRICE (NR) (BK AM CF MU VM SE) [OBSOLETE]
Price 20
490 #0 - SERIES STATEMENT
Series statement RICS Guidance Note
505 ## - FORMATTED CONTENTS NOTE
Formatted contents note Acknowledgments -- Changes to measurement practice -- Part 1- Professional statement: office measurement -- Part 2 - IPMS: office buildings -- Part 3 - Code of measuring practice, 6th edition
520 ## - SUMMARY, ETC.
Summary, etc. Updates the Code of measuring practice (6th edition), which is now global, with effect from 18 May 2015, and incorporates International Property Measurement Standards (IPMS). This document reflects the first IPMS standard (IPMS: Office Buildings) and will be updated over time to comply with other IPMS standards, including residential, industrial and retail, as they are published. Elements of this document are mandatory for RICS members and will be subject to regulation by RICS. Other elements are professional best practice and practitioners are strongly advised to follow them.
520 ## - SUMMARY, ETC.
Summary, etc. Superseded by 2nd edition (9781783212170). ARCHIVED 01/05/2018.
650 24 - SUBJECT ADDED ENTRY--TOPICAL TERM
Topical term or geographic name entry element RICS CODE OF MEASURING PRACTICE
650 24 - SUBJECT ADDED ENTRY--TOPICAL TERM
Topical term or geographic name entry element International Property Measurement Standards
651 #4 - SUBJECT ADDED ENTRY--GEOGRAPHIC NAME
Geographic name International
690 ## - LOCAL SUBJECT ADDED ENTRY--TOPICAL TERM (OCLC, RLIN)
Topical term or geographic name as entry element Measurement
9 (RLIN) 6256
856 41 - ELECTRONIC LOCATION AND ACCESS
Uniform Resource Identifier <a href="https://www.isurv.com/downloads/file/6469/archive_rics_property_measurement">https://www.isurv.com/downloads/file/6469/archive_rics_property_measurement</a>
Public note Archived on iSurv (subscription required)
942 ## - ADDED ENTRY ELEMENTS (KOHA)
Suppress in OPAC 0
Source of classification or shelving scheme Dewey Decimal Classification
Holdings
Withdrawn status Lost status Source of classification or shelving scheme Damaged status Not for loan Home library Current library Shelving location Date acquired Total Checkouts Full call number Date last seen Copy number Uniform Resource Identifier Price effective from Koha item type Barcode
    Dewey Decimal Classification     London London RICS Boxes 01/06/2015   RICS 2015/4 19/02/2024 2   06/08/2019 Book 30078917
    Dewey Decimal Classification     London London RICS Boxes 01/06/2015   RICS 2015/4 06/08/2019 3   06/08/2019 Archive 30078919
    Dewey Decimal Classification     London London RICS Boxes 03/06/2015   RICS 2015/4 06/08/2019 4   06/08/2019 Book 30078918
    Dewey Decimal Classification     Virtual Virtual Online 19/05/2015   iSurv 22/03/2023 1 https://www.isurv.com/downloads/file/6469/archive_rics_property_measurement 06/08/2019 Book